00517nam a2200169Ia 4500008004100000040001900041041001200060082002500072100002100097245006400118250000600182260004300188300001900231504005000250650002900300850001800329131103s9999 xx 000 0 und d aLoreto College aEnglish a954/SARbLCBED/11959 aSarkar, Jadunath 2aA short history of Aurangzib (1618 - 1707)cJadunath Sarkar a. aCalcuttabOrient Longman Limitedc1979 a426p. c 22cm. aIncludes index and bibliographical references aHistory - Medieval India aLCBED/954/SAR